[Event "EYTCC Open U12 2018"]
[Site "Bad Blankeburg"]
[Date "2018.07.15"]
[Round "5"]
[White "Levin, Guy"]
[Black "Pasti, Aron"]
[Result "1-0"]
[WhiteElo "2008"]
[BlackElo "2069"]
[Annotator "NA"]
[PlyCount "81"]
[EventDate "2018.07.12"]
[EventType "swiss"]
[EventCountry "GER"]
[SourceTitle "playchess.com"]
[Source "ChessBase"]
[SourceQuality "1"]
[TimeControl "40/5400+30:1800+30"]

1. c4 {[%emt 0:00:00]} e5 {[%emt 0:00:00]} 2. Nc3 {[%emt 0:00:00]} Nf6 {[%emt 0:00:00]} 3. Nf3 {[%emt 0:00:00]} Nc6 {[%emt 0:00:00]} 4. a3 {[%emt 0:00:21]} d5 {[%emt 0:00:00]} 5. cxd5 {[%emt 0:00:20]} Nxd5 {[%emt 0:00:00]} 6. Qc2 {[%emt 0:00:28]} Be7 {[%emt 0:02:06]} 7. e3 {[%emt 0:02:38]} O-O {[%emt 0:06:43]} 8. Nxd5 {[%emt 0:00:13] A28: Englische Eröffnung (Vierspringer-Variante)} (8. b4 Nxc3 9. dxc3 Qd6 10. Bd3 f5 11. e4 f4 12. h3 a5 13. Bb2 Bf6 14. Rd1 Qe7 15. O-O Be6 {0-1 (38) Carlsen,M (2837)-Bu,X (2730) Riadh 2017}) 8... Qxd5 {[%emt 0:00:07]} 9. Bd3 {[%emt 0:00:28]} h6 {[%emt 0:02:51]} 10. Be4 $146 {[%emt 0:08:41]} ({Vorgänger:} 10. b4 Be6 11. Bh7+ Kh8 12. Be4 Qb5 13. Bb2 Bf6 14. Rc1 Bd5 15. a4 Bxe4 16. axb5 Bxc2 17. bxc6 {1-0 (41) Zaragatski,I (2505)-Berkovich,M (2375) Vlissingen 2013}) 10... Qd6 {[%emt 0:01:45]} 11. b4 {[%emt 0:05:07]} f5 {[%emt 0:05:04]} 12. Bxc6 {[%emt 0:00:21]} bxc6 {[%emt 0:00:04]} 13. Bb2 {[%emt 0:00:46]} Bf6 {[%emt 0:02:11]} 14. d4 {[%emt 0:03:05]} exd4 {[%emt 0:11:03]} 15. Bxd4 {[%emt 0:00:49]} Bxd4 {[%emt 0:04:35]} 16. Nxd4 {[%emt 0:00:09]} Rf6 {[%emt 0:03:38]} 17. O-O {[%emt 0:05:25]} Bd7 {[%emt 0:09:09]} 18. Rfd1 {[%emt 0:06:17]} Qe7 {[%emt 0:05:56]} 19. Rab1 {[%emt 0:13:02]} Raf8 {[%emt 0:04:10]} 20. Qc5 $16 {[%emt 0:00:39]} Rd6 {[%emt 0:12:50]} 21. Nf3 {[%emt 0:14:55]} Be6 {[%emt 0:10:26]} 22. Rxd6 {[%emt 0:07:12]} cxd6 {[%emt 0:00:50]} 23. Qxc6 {[%emt 0:00:46]} Rc8 {[%emt 0:00:17]} 24. Qa6 {[%emt 0:03:50]} Rc3 {[%emt 0:03:51]} 25. Nd4 {[%emt 0:02:44]} Bd5 {[%emt 0:04:17]} 26. Re1 {[%emt 0:09:28]} f4 {[%emt 0:07:37]} 27. Ne2 {[%emt 0:06:04]} Bb7 {[%emt 0:01:51]} 28. Qxa7 {[%emt 0:02:53]} Rc4 {[%emt 0:00:54]} 29. Qb6 {[%emt 0:04:27]} fxe3 {[%emt 0:00:49]} 30. Ng3 {[%emt 0:01:45]} exf2+ {[%emt 0:00:49]} 31. Qxf2 {[%emt 0:00:01]} Qd7 {[%emt 0:00:23]} 32. Qe2 {[%emt 0:00:56]} Rc3 {[%emt 0:00:26]} 33. Qe8+ {[%emt 0:01:42]} Qxe8 {[%emt 0:00:03]} 34. Rxe8+ {[%emt 0:00:01]} Kf7 {[%emt 0:00:10]} 35. Rb8 {[%emt 0:00:24]} Bd5 {[%emt 0:00:19]} 36. a4 {[%emt 0:01:20]} Rc1+ {[%emt 0:00:02]} 37. Kf2 {[%emt 0:00:02]} Rc2+ {[%emt 0:00:06]} 38. Ke3 {[%emt 0:00:39]} Ke6 {[%emt 0:01:06]} 39. Ne2 {[%emt 0:00:19]} Ra2 {[%emt 0:00:11]} 40. Nf4+ {[%emt 0:00:21]} Kd7 {[%emt 0:00:30]} 41. Nxd5 {[%emt 0:30:11]} 1-0

[Event "EYTCC Open U12 2018"]
[Site "Bad Blankeburg"]
[Date "2018.07.15"]
[Round "5"]
[White "Navumenka, Mikhei"]
[Black "Schubert, Nikita"]
[Result "1-0"]
[WhiteElo "1965"]
[BlackElo "1984"]
[Annotator "NA"]
[PlyCount "99"]
[EventDate "2018.07.12"]
[EventType "swiss"]
[EventCountry "GER"]
[SourceTitle "playchess.com"]
[Source "ChessBase"]
[SourceQuality "1"]
[TimeControl "40/5400+30:1800+30"]

1. d4 {[%emt 0:00:00]} Nf6 {[%emt 0:00:00]} 2. Nf3 {[%emt 0:00:12]} e6 {[%emt 0:00:27]} 3. g3 {[%emt 0:00:09]} d5 {[%emt 0:00:17]} 4. Bg2 {[%emt 0:00:06]} Be7 {[%emt 0:00:07]} 5. O-O {[%emt 0:00:07]} O-O {[%emt 0:00:27]} 6. c4 {[%emt 0:00:11]} dxc4 {[%emt 0:01:19]} 7. Ne5 {[%emt 0:00:53]} c5 {[%emt 0:02:29]} 8. dxc5 {[%emt 0:00:52]} Qc7 {[%emt 0:01:59]} 9. Nxc4 {[%emt 0:07:11]} Qxc5 {[%emt 0:00:45]} 10. b3 {[%emt 0:04:34]} Rd8 {[%emt 0:06:05]} 11. Qe1 {[%emt 0:00:11]} Nc6 {[%emt 0:10:29]} 12. Ba3 {[%emt 0:01:51]} Nb4 {[%emt 0:16:43]} 13. Nc3 {[%emt 0:06:32]} Rb8 {[%emt 0:14:23]} 14. Na4 {[%emt 0:07:35]} Qb5 {[%emt 0:00:58]} 15. Rc1 {[%emt 0:02:53]} Bd7 {[%emt 0:07:28]} 16. Nc3 {[%emt 0:07:18]} Qc5 {[%emt 0:02:12]} 17. e4 {[%emt 0:19:32]} b5 {[%emt 0:08:16]} 18. Nb2 {[%emt 0:02:43]} Qb6 {[%emt 0:00:41]} 19. e5 {[%emt 0:00:19]} Ne8 {[%emt 0:02:54]} 20. Qe2 {[%emt 0:07:53]} Bc6 {[%emt 0:04:36]} 21. Bxb4 {[%emt 0:04:45]} Bxb4 {[%emt 0:01:02]} 22. Nca4 {[%emt 0:02:00]} bxa4 {[%emt 0:11:56]} 23. Rxc6 {[%emt 0:00:11]} Qb5 {[%emt 0:02:05]} 24. Qxb5 {[%emt 0:02:51]} Rxb5 {[%emt 0:00:01]} 25. Nxa4 {[%emt 0:00:13]} Rxe5 {[%emt 0:01:05]} 26. Ra6 {[%emt 0:01:00]} Ra5 {[%emt 0:00:56]} 27. Rc6 {[%emt 0:02:44]} g6 {[%emt 0:00:44]} 28. Rfc1 {[%emt 0:00:25]} Kg7 {[%emt 0:01:12]} 29. h4 {[%emt 0:00:47]} Rd2 {[%emt 0:00:41]} 30. R6c4 {[%emt 0:01:50]} Ba3 {[%emt 0:00:34]} 31. R1c2 {[%emt 0:00:16]} Rd1+ {[%emt 0:00:54]} 32. Kh2 {[%emt 0:00:26]} Nd6 {[%emt 0:00:36]} 33. Rc7 {[%emt 0:02:02]} Nb5 {[%emt 0:00:36]} 34. Rb7 {[%emt 0:00:01]} Rd6 {[%emt 0:00:43]} 35. Rc4 {[%emt 0:02:48]} Rd2 {[%emt 0:00:39]} 36. Rf4 {[%emt 0:01:23]} Nd6 {[%emt 0:00:10]} 37. Rd7 {[%emt 0:00:11]} Rxa2 {[%emt 0:00:28]} 38. Nc3 {[%emt 0:00:41]} Rc2 {[%emt 0:00:42]} 39. Ne4 {[%emt 0:03:16]} Nf5 {[%emt 0:01:00]} 40. g4 {[%emt 0:01:17]} Nh6 {[%emt 0:00:35]} 41. b4 {[%emt 0:31:18]} Ra4 {[%emt 0:05:55]} 42. Ng5 {[%emt 0:00:00]} Bxb4 {[%emt 0:10:15]} 43. Nxe6+ {[%emt 0:00:00]} Kh8 {[%emt 0:00:42]} 44. Rd8+ {[%emt 0:00:00]} Ng8 {[%emt 0:00:46]} 45. Rxf7 {[%emt 0:00:00]} Rd2 {[%emt 0:01:09]} 46. Ra8 {[%emt 0:00:00]} Bd6+ {[%emt 0:00:48]} 47. Kh3 {[%emt 0:00:00]} Ra3+ {[%emt 0:04:03]} 48. f3 {[%emt 0:00:00]} h5 {[%emt 0:08:13]} 49. gxh5 {[%emt 0:00:00]} gxh5 {[%emt 0:02:30]} 50. Ng5 1-0

[Event "EYTCC Open U12 2018"]
[Site "Bad Blankeburg"]
[Date "2018.07.15"]
[Round "5"]
[White "Eilenberg, Jonas"]
[Black "Strybuk, Artsiom I"]
[Result "1/2-1/2"]
[WhiteElo "1910"]
[BlackElo "2079"]
[Annotator "NA"]
[PlyCount "111"]
[EventDate "2018.07.12"]
[EventType "swiss"]
[EventCountry "GER"]
[SourceTitle "playchess.com"]
[Source "ChessBase"]
[SourceQuality "1"]
[TimeControl "40/5400+30:1800+30"]

1. d4 {[%emt 0:00:00]} Nf6 {[%emt 0:00:02]} 2. c4 {[%emt 0:00:00]} c5 {[%emt 0:00:06]} 3. d5 {[%emt 0:00:00]} b5 {[%emt 0:00:06]} 4. Nd2 {[%emt 0:00:17]} bxc4 {[%emt 0:01:34]} 5. e4 {[%emt 0:00:14]} d6 {[%emt 0:00:05]} 6. Bxc4 {[%emt 0:00:10]} g6 {[%emt 0:01:25]} 7. b3 {[%emt 0:00:07]} Bg7 {[%emt 0:00:33]} 8. Bb2 {[%emt 0:00:13]} O-O {[%emt 0:01:36]} 9. Ngf3 {[%emt 0:00:09]} a5 {[%emt 0:04:33] A57: Wolga/Benkö-Gambit} (9... Nbd7 10. O-O Nb6 11. Qc2 a5 12. a4 Nh5 13. Bxg7 Nxg7 14. Rfe1 e5 15. dxe6 Bxe6 16. Rad1 Qc7 17. Qc3 Rfd8 18. Bb5 d5 19. Rc1 {½-½ (32) Velten,P (2455)-Le Roux,J (2554) Bayonne 2018}) 10. O-O {[%emt 0:03:48]} Ba6 {[%emt 0:05:24]} 11. Re1 {[%emt 0:02:50]} a4 {[%emt 0:09:00]} 12. h3 $146 {[%emt 0:06:03]} ({Vorgänger:} 12. Rb1 axb3 13. axb3 Nbd7 14. Bc3 Qc7 15. e5 dxe5 16. Nxe5 Nb6 17. Qf3 {½-½ (17) Verzhansky,A (2357)-Malchikov,A (2181) Novosibirsk 2007}) 12... Nbd7 {[%emt 0:08:08]} 13. Bxa6 {[%emt 0:02:21]} Rxa6 {[%emt 0:00:20]} 14. Nc4 {[%emt 0:02:03]} Nb6 {[%emt 0:08:39]} 15. Qe2 {[%emt 0:04:53]} Nxc4 {[%emt 0:01:50]} 16. Qxc4 {[%emt 0:01:28]} Rb6 {[%emt 0:02:36]} 17. Bc3 {[%emt 0:02:39]} Qa8 {[%emt 0:05:49]} 18. bxa4 {[%emt 0:05:50]} Qa6 {[%emt 0:05:31]} 19. Nd2 {[%emt 0:03:12]} Nd7 {[%emt 0:08:06]} 20. Bxg7 {[%emt 0:06:25]} Kxg7 {[%emt 0:00:42]} 21. Rab1 {[%emt 0:01:36]} Ra8 {[%emt 0:04:22]} 22. Qc3+ {[%emt 0:05:25]} f6 {[%emt 0:01:27]} 23. Nc4 {[%emt 0:00:30]} Rxb1 {[%emt 0:02:23]} 24. Rxb1 {[%emt 0:01:14]} Ne5 {[%emt 0:04:53]} 25. Nxe5 {[%emt 0:03:46]} fxe5 {[%emt 0:00:32]} 26. f4 {[%emt 0:00:30]} Qxa4 {[%emt 0:01:15]} 27. fxe5 {[%emt 0:03:36]} Qd4+ {[%emt 0:09:39]} 28. Qxd4 {[%emt 0:00:19]} cxd4 {[%emt 0:00:01]} 29. exd6 {[%emt 0:00:59]} exd6 {[%emt 0:00:23]} 30. Rb4 {[%emt 0:01:47]} d3 {[%emt 0:01:34]} 31. Rd4 {[%emt 0:00:16]} Ra3 {[%emt 0:00:58]} 32. Kf2 {[%emt 0:02:54]} Rxa2+ {[%emt 0:04:02]} 33. Kf3 {[%emt 0:00:25]} d2 {[%emt 0:02:54]} 34. Ke2 {[%emt 0:00:38]} d1=Q+ {[%emt 0:01:18]} 35. Kxd1 {[%emt 0:00:04]} Rxg2 {[%emt 0:00:12]} 36. e5 {[%emt 0:02:10]} Kf7 {[%emt 0:01:52]} 37. exd6 $11 {[%emt 0:03:57]} Ke8 {[%emt 0:01:10]} 38. Re4+ {[%emt 0:01:33]} Kd8 {[%emt 0:00:06]} 39. Ra4 {[%emt 0:01:02]} h5 {[%emt 0:00:51]} 40. Ra3 {[%emt 0:02:16]} Kd7 {[%emt 0:00:43]} 41. Ke1 {[%emt 0:30:28]} g5 {[%emt 0:07:28]} 42. Kf1 {[%emt 0:00:00]} Rd2 {[%emt 0:01:45]} 43. Ra7+ {[%emt 0:00:00]} Kxd6 {[%emt 0:00:53]} 44. Ra6+ {[%emt 0:00:00]} Ke5 {[%emt 0:01:49]} 45. Re6+ {[%emt 0:00:00]} Kf4 {[%emt 0:03:08]} 46. Rf6+ {[%emt 0:00:00]} Kg3 {[%emt 0:01:56]} 47. Rf5 {[%emt 0:00:00]} Kh4 {[%emt 0:00:42]} 48. Ke1 {[%emt 0:00:00]} Rd3 {[%emt 0:01:40]} 49. Ke2 {[%emt 0:00:00]} Rxh3 {[%emt 0:07:29]} 50. d6 {[%emt 0:00:00]} Ra3 {[%emt 0:01:32]} 51. d7 {[%emt 0:00:00]} Ra2+ {[%emt 0:01:05]} 52. Ke3 {[%emt 0:00:00]} Ra8 {[%emt 0:03:19]} 53. Rd5 {[%emt 0:00:00]} Rd8 {[%emt 0:00:08]} 54. Kf3 {[%emt 0:00:00]} Rf8+ {[%emt 0:00:13]} 55. Kg2 {[%emt 0:00:00]} Rd8 {[%emt 0:00:25]} 56. Kf3 {[%emt 0:00:00]} 1/2-1/2

[Event "EYTCC Open U12 2018"]
[Site "Bad Blankeburg"]
[Date "2018.07.15"]
[Round "5"]
[White "Bui, Bao Anh Le"]
[Black "Lazavik, Denis"]
[Result "0-1"]
[WhiteElo "1883"]
[BlackElo "2111"]
[Annotator "NA"]
[PlyCount "122"]
[EventDate "2018.07.12"]
[EventType "swiss"]
[EventCountry "GER"]
[SourceTitle "playchess.com"]
[Source "ChessBase"]
[SourceQuality "1"]
[BlackTeam "Belarus"]
[BlackTeamCountry "BLR"]
[TimeControl "40/5400+30:1800+30"]

1. e4 {[%emt 0:00:00]} e5 {[%emt 0:00:00]} 2. Nf3 {[%emt 0:00:08]} Nc6 {[%emt 0:00:52]} 3. Bc4 {[%emt 0:00:26]} Bc5 {[%emt 0:00:29]} 4. c3 {[%emt 0:00:38]} Nf6 {[%emt 0:00:43]} 5. d3 {[%emt 0:00:07]} d6 {[%emt 0:00:59]} 6. Bb3 {[%emt 0:00:06]} a6 {[%emt 0:01:00]} 7. h3 {[%emt 0:00:21]} h6 {[%emt 0:01:54]} 8. Nbd2 {[%emt 0:00:58]} O-O {[%emt 0:01:55]} 9. Nf1 {[%emt 0:00:19]} Be6 {[%emt 0:02:20]} 10. Ng3 {[%emt 0:01:12]} d5 {[%emt 0:06:12]} 11. Qe2 {[%emt 0:00:30]} Re8 {[%emt 0:02:51]} 12. O-O {[%emt 0:05:32]} Qd7 {[%emt 0:05:06]} 13. Re1 {[%emt 0:02:43]} Rad8 {[%emt 0:09:30]} 14. Nh4 {[%emt 0:08:25]} dxe4 $11 {[%emt 0:14:28]} 15. dxe4 {[%emt 0:01:22]} Qd3 {[%emt 0:04:54]} 16. Qxd3 {[%emt 0:17:30]} Rxd3 {[%emt 0:00:37]} 17. Nhf5 {[%emt 0:00:22]} Bxb3 {[%emt 0:06:26]} 18. axb3 {[%emt 0:01:48]} a5 {[%emt 0:01:52]} 19. Be3 {[%emt 0:03:32]} Bxe3 {[%emt 0:02:24]} 20. Nxe3 {[%emt 0:00:50]} Red8 {[%emt 0:01:30]} 21. f3 {[%emt 0:03:50]} g6 {[%emt 0:04:24]} 22. Rad1 {[%emt 0:04:28]} Rxd1 {[%emt 0:03:25]} 23. Rxd1 {[%emt 0:00:18]} Rxd1+ {[%emt 0:00:34]} 24. Nxd1 {[%emt 0:00:41]} Kf8 {[%emt 0:00:48]} 25. Kf2 {[%emt 0:02:38]} Ke7 {[%emt 0:00:42]} 26. Ne3 {[%emt 0:01:45]} Nd7 {[%emt 0:02:15]} 27. Nd5+ {[%emt 0:07:06]} Kd6 {[%emt 0:00:26]} 28. Ne2 {[%emt 0:02:29]} Nd8 {[%emt 0:04:59]} 29. Nc1 {[%emt 0:04:32]} Ne6 {[%emt 0:01:57]} 30. Nd3 {[%emt 0:04:54]} Ndc5 {[%emt 0:03:02]} 31. Nc1 {[%emt 0:09:23]} Nd7 {[%emt 0:06:37]} 32. g3 {[%emt 0:02:51]} c6 {[%emt 0:02:17]} 33. Ne3 {[%emt 0:00:36]} b5 {[%emt 0:00:43]} 34. h4 {[%emt 0:01:41]} h5 {[%emt 0:02:13]} 35. Ke2 {[%emt 0:01:32]} Ndc5 {[%emt 0:04:35]} 36. Kd2 {[%emt 0:01:53]} Ng7 {[%emt 0:01:20]} 37. Kc2 {[%emt 0:03:02]} Ke6 {[%emt 0:01:00]} 38. Nd3 {[%emt 0:03:23]} Nd7 {[%emt 0:00:16]} 39. b4 {[%emt 0:03:40]} a4 {[%emt 0:00:15]} 40. Nc5+ {[%emt 0:01:07]} Nxc5 {[%emt 0:00:33]} 41. bxc5 {[%emt 0:30:48]} f5 {[%emt 0:03:00]} 42. exf5+ {[%emt 0:00:00]} gxf5 {[%emt 0:00:06]} 43. Kd3 {[%emt 0:00:00]} f4 {[%emt 0:13:43]} 44. gxf4 {[%emt 0:00:00]} exf4 {[%emt 0:00:05]} 45. Nc2 {[%emt 0:00:00]} Kd5 {[%emt 0:00:29]} 46. Nb4+ {[%emt 0:00:00]} Kxc5 {[%emt 0:00:06]} 47. Ke4 {[%emt 0:00:00]} Ne6 {[%emt 0:03:58]} 48. Kf5 {[%emt 0:00:00]} Nd8 {[%emt 0:00:31]} 49. Kg5 {[%emt 0:00:00]} Kc4 {[%emt 0:02:10]} 50. Kxh5 {[%emt 0:00:00]} c5 {[%emt 0:01:02]} 51. Nc2 {[%emt 0:05:16]} Kb3 {[%emt 0:01:05]} 52. Na3 {[%emt 0:00:21]} b4 {[%emt 0:03:51]} 53. Kg6 {[%emt 0:00:23]} bxa3 {[%emt 0:01:37]} 54. bxa3 {[%emt 0:00:03]} Kxa3 {[%emt 0:00:26]} 55. h5 {[%emt 0:00:02]} Kb3 {[%emt 0:01:15]} 56. h6 {[%emt 0:00:25]} Ne6 {[%emt 0:00:05]} 57. Kf6 {[%emt 0:00:59]} Nf8 {[%emt 0:00:36]} 58. Kg7 {[%emt 0:00:14]} a3 {[%emt 0:00:25]} 59. Kxf8 {[%emt 0:00:24]} a2 {[%emt 0:00:04]} 60. h7 {[%emt 0:00:25]} a1=Q {[%emt 0:00:19]} 61. h8=Q {[%emt 0:00:11]} Qa8+ {[%emt 0:00:11]} 0-1

[Event "EYTCC Open U12 2018"]
[Site "Bad Blankeburg"]
[Date "2018.07.16"]
[Round "6"]
[White "Lazavik, Denis"]
[Black "Hagner, Bennet"]
[Result "1/2-1/2"]
[WhiteElo "2111"]
[BlackElo "1947"]
[Annotator "TA"]
[PlyCount "69"]
[EventDate "2018.07.12"]
[EventType "swiss"]
[EventCountry "GER"]
[SourceTitle "playchess.com"]
[Source "ChessBase"]
[SourceQuality "1"]
[WhiteTeam "Belarus"]
[WhiteTeamCountry "BLR"]

{[%evp 20,69,-12,-10,-14,-12,-18,-19,25,6,3,11,13,0,0,-7,123,38,32,50,37,6,7,0,10,0,0,0,0,4,193,200,191,189,393,295,372,371,345,55,60,61,61,54,51,52,98,100,137,122,130,125]} 1. d4 d5 2. c4 e6 3. Nf3 c6 4. Qc2 dxc4 5. Qxc4 Nf6 6. g3 b5 7. Qd3 Bb7 8. Bg2 a6 9. O-O Nbd7 10. Nc3 c5 11. Bg5 {LiveBook: 13 Games. D43: Semi-Slav: 5 Bg5 h6} h6 12. Bxf6 Nxf6 13. Rad1 {[#] The position is equal.} Qa5 $146 ({Predecessor:} 13... c4 14. Qe3 Be7 15. Ne5 Qb6 16. Bxb7 Qxb7 {½-½ (54) Bartel,M (2609)-Werle,J (2563) Novi Sad 2009}) 14. Ne5 Bxg2 $1 15. Kxg2 {[#] And now Qf3 would win.} Qc7 16. Qf3 Rc8 {...cxd4 is the strong threat.} 17. Ng4 Be7 (17... Nxg4 $11 {remains equal.} 18. Qxg4 cxd4 19. Qxd4 f5) 18. dxc5 (18. Nxf6+ $16 Bxf6 19. dxc5) 18... Qxc5 $14 19. Nxf6+ gxf6 20. a4 bxa4 21. Nxa4 Qc6 22. Rc1 $36 {[%mdl 2048] White fights for an advantage.} Qxf3+ 23. Kxf3 Rxc1 24. Rxc1 $11 {[%mdl 4096] Endgame KRB-KRN} f5 $2 (24... O-O $1 $11 {and Black has nothing to worry.}) 25. Rc8+ $18 Bd8 26. Nc5 a5 $2 (26... Rg8 {keeps fighting.} 27. b4 Rg4) 27. Ra8 Ke7 {[#]} 28. Nb7 $1 Re8 29. Nxa5 $2 ({Not} 29. Nxd8 Rxd8 30. Rxa5 Rb8 $16) (29. Rxd8 $18 Rxd8 30. Nxd8 Kxd8 31. g4) 29... Bxa5 $14 30. Rxa5 $18 {KR-KR} Rb8 31. Ra2 Kf6 32. Ke3 Ke5 33. Kd3 Rd8+ 34. Kc2 Rc8+ 35. Kb1 {Precision: White = 44%, Black = 35%.} 1/2-1/2

[Event "EYTCC Open U12 2018"]
[Site "Bad Blankeburg"]
[Date "2018.07.16"]
[Round "6"]
[White "Strybuk, Artsiom I"]
[Black "Nitsche, Nikolai"]
[Result "1-0"]
[WhiteElo "2079"]
[BlackElo "1726"]
[Annotator "NA RC"]
[PlyCount "49"]
[EventDate "2018.07.12"]
[EventType "swiss"]
[EventCountry "GER"]
[SourceTitle "playchess.com"]
[Source "ChessBase"]
[SourceQuality "1"]
[TimeControl "40/5400+30:1800+30"]

1. e4 {[%emt 0:00:00]} e6 {[%emt 0:00:00]} 2. d4 {[%emt 0:00:00]} d5 {[%emt 0:00:38]} 3. Nd2 {[%emt 0:00:00]} Be7 {[%emt 0:00:59]} 4. e5 {[%emt 0:01:24]} c5 {[%emt 0:01:37]} 5. c3 {[%emt 0:01:27]} Nc6 {[%emt 0:00:45]} 6. Ndf3 {[%emt 0:03:24]} Qb6 {[%emt 0:14:38] C03: French Tarrasch: Unusual Black 3rd moves} 7. Bd3 {[%emt 0:04:36]} f6 {[%emt 0:01:47]} 8. Ne2 {[%emt 0:11:29] LiveBook: 6 Games} c4 $146 {[%emt 0:08:32]} ({Predecessor:} 8... fxe5 9. Nxe5 Nxe5 10. dxe5 Bd7 11. O-O Qc7 12. c4 Qxe5 13. Bf4 Qh5 {1-0 (59) Kovalev,V (2598)-Sjugirov,S (2673) Moscow 2017}) 9. exf6 Nxf6 {[%emt 0:05:36]} 10. Bc2 {[%emt 0:07:26]} Bd7 {[%emt 0:00:25]} 11. O-O {[%emt 0:02:51]} O-O {[%emt 0:13:02]} 12. Bg5 {[%emt 0:12:57]} Qxb2 {[%emt 0:09:00]} 13. Rb1 {[%emt 0:04:09]} Qxa2 {[%emt 0:03:32]} 14. Ne5 {[%emt 0:01:50]} Rad8 {[%emt 0:13:00]} 15. Rxb7 {[%emt 0:08:17]} Qa6 {[%emt 0:03:14]} 16. Nxc6 {[%emt 0:05:43]} Qxb7 {[%emt 0:01:22]} 17. Nxe7+ {[%emt 0:02:39]} Kf7 {[%emt 0:01:53]} 18. Nf4 {[%emt 0:05:20]} Kxe7 {[%emt 0:03:13]} 19. Bxh7 {[%emt 0:00:54]} Be8 {[%emt 0:02:50]} 20. Nxe6 {[%emt 0:12:21]} Kxe6 {[%emt 0:05:40]} 21. Re1+ {[%emt 0:00:01]} Kf7 {[%emt 0:01:43] [#]} 22. Bxf6 {[%emt 0:00:51]} ({Stronger than} 22. Qc2 Nxh7 23. Qxh7 Rd6 $15) 22... gxf6 {[%emt 0:01:29]} 23. Qg4 {[%emt 0:00:14]} Rh8 {[%emt 0:01:58]} 24. Qg6+ {[%emt 0:00:08]} Kf8 {[%emt 0:00:06]} 25. Qxf6+ {[%emt 0:00:11]} 1-0

[Event "EYTCC Open U12 2018"]
[Site "Bad Blankeburg"]
[Date "2018.07.16"]
[Round "6"]
[White "Stalmach, Richard"]
[Black "Wagner, Leopold Franziskus"]
[Result "0-1"]
[WhiteElo "2063"]
[BlackElo "2108"]
[Annotator "TA"]
[PlyCount "90"]
[EventDate "2018.07.12"]
[EventType "swiss"]
[EventCountry "GER"]
[SourceTitle "playchess.com"]
[Source "ChessBase"]
[SourceQuality "1"]

{[%evp 10,90,10,0,189,0,3,-10,-2,-2,-2,-80,-68,-81,-29,-30,-17,-43,-14,-19,45,55,50,25,96,102,103,58,78,0,0,-75,-75,-80,-73,-67,-76,-113,-108,-291,-274,-314,-253,-256,-256,-447,-383,-507,-464,-436,-434,-550,-509,-681,-674,-653,-610,-1035,-635,-1176,-635,-630,-617,-609,-608,-595,-599,-595,-595,-945,-916,-941,-856,-1124,-1058,-1966,-1601,-29991,-29992,-29992,-29993,-29994,-29995]} 1. d4 Nf6 2. c4 e6 3. Nf3 b6 4. Bg5 Bb7 5. Nc3 Bb4 6. Qc2 {LiveBook: 167 Games} d6 $2 {E12: Queen's Indian: Unusual White 4th moves, 4 a3, 4 Nc3 Bb7 5 a3 and 4 Nc3 Bb7} (6... O-O $11 {and Black stays safe.}) (6... h6 7. Bh4 g5 8. Bg3 Ne4 9. e3 Bxc3+ 10. bxc3 d6 11. Bd3 f5 12. d5 Qf6 13. Bxe4 fxe4 14. Qxe4 Qxc3+ 15. Ke2 Qb2+ 16. Nd2 Qf6 17. h4 g4 18. h5 Nd7 19. Bh4 Qf5 20. Qxf5 exf5 {0-1 (34) Tang,A (2513)-Nakamura,H (2781) chess.com INT 2018}) 7. e3 $2 (7. Qa4+ $18 Nc6 8. d5 $1 {[%mdl 512]}) 7... h6 8. Bxf6 $146 ({Predecessor:} 8. Bh4 g5 9. Bg3 Ne4 10. Bd3 f5 11. O-O-O Bxc3 12. bxc3 Nd7 13. Ne1 Qe7 14. f3 Nxg3 15. hxg3 {½-½ (41) Vrecion,J (1808)-Horak,M (1881) Mlada Boleslav 2014}) 8... Qxf6 {The position is equal.} 9. Be2 Nd7 10. O-O-O {[#]} (10. Rd1 $11) 10... Bxc3 $1 $17 11. Qxc3 O-O-O (11... O-O $17) 12. Rd2 $11 Qg6 13. d5 e5 14. Qc2 Qxg2 ({Better is} 14... Rhf8 $11) 15. Rg1 $1 $14 {[%cal Rg1g2]} Qh3 $1 ({But not} 15... Qxf2 $2 16. Qc3 $18) 16. Rxg7 (16. Rg3 $5 {[%cal Rg3h3]} Qh5 17. Ng5 Qxh2 18. Nxf7 Qxf2 19. Qg6 $16) 16... Rhf8 (16... Rhg8 $11 17. Rxf7 Rdf8) 17. Rg3 $16 Qh5 18. b4 Rg8 19. Nd4 (19. Rd1 $16) 19... Qxh2 $11 20. Nc6 (20. Nf5 $11 {keeps the balance.} Kb8 21. Bg4) 20... Rxg3 $17 21. fxg3 Bxc6 $1 ({Don't play} 21... Qxg3 22. Nxd8 Kxd8 23. Qf5 $11) 22. dxc6 Qh1+ 23. Kb2 Qxc6 24. b5 $2 (24. Bg4 $17) 24... Qc5 $19 25. Qe4 f5 {[%cal Bf7f5,Bf5g4][%mdl 32]} 26. Qa8+ Nb8 27. Qxa7 $2 (27. g4) 27... Qxe3 28. Rc2 Qd4+ 29. Kb1 Rg8 30. g4 fxg4 31. Bf1 e4 32. Bg2 Rf8 33. Qa3 Rf2 {White must now prevent ...Rxc2.} 34. Qb2 Qd1+ 35. Qc1 Qd3 {Strongly threatening ...Rxg2.} 36. Kb2 Qd4+ 37. Kb1 e3 38. Rxf2 exf2 39. Qc2 Qf4 40. Qe2 Kd8 41. Kc2 Nd7 42. a4 Ne5 43. Kc3 Qg3+ {Black mates.} 44. Kd4 Qxg2 45. a5 f1=Q {Precision: White = 30%, Black = 52%.} 0-1